| 000 | 00661nam a22002177a 4500 | ||
|---|---|---|---|
| 005 | 20140108124820.0 | ||
| 010 | _aENG-108959 | ||
| 020 |
_a9788183165167 _c225.00 |
||
| 035 | _aEN-92492 | ||
| 037 | _bDBAD/PUB | ||
| 082 | _a530.071 | ||
| 100 | _aNagaraju, M.T.V. | ||
| 245 |
_aMethods of teaching physical science / _cby M.T.V. Nagaraju [and] Vanaja, M. |
||
| 260 |
_aHyderabad _bNeelkamal Publications _c2014 |
||
| 270 |
_aSultan Bazar _bHyderabad _e500095 |
||
| 300 |
_axii,316p. _c24cm(pbk) |
||
| 500 | _aIncludes bibliographical references | ||
| 700 | _a Nagaraju, M.T.V. | ||
| 700 | _aVanaja, M. | ||
| 942 |
_2ddc _cEN _mNAG _h530.071 |
||
| 999 |
_c81600 _d81600 |
||